An introduction to the study of Islamic law/ (Record no. 614584)

000 -LEADER
fixed length control field 00367nam a22001337a 4500
020 ## - INTERNATIONAL STANDARD BOOK NUMBER
International Standard Book Number 9698384014
082 ## - DEWEY DECIMAL CLASSIFICATION NUMBER
Classification number 340.54
Author Mark HAS
100 ## - MAIN ENTRY--PERSONAL NAME
Personal name Hassan,Dr.Hussain Hamid
245 ## - TITLE STATEMENT
Title An introduction to the study of Islamic law/
Remainder of title Dr.Hussain Hamid Hassan
260 ## - PUBLICATION, DISTRIBUTION, ETC.
Place of publication, distribution, etc. Islamabad:
Name of publisher, distributor, etc. Leaf publications,
Date of publication, distribution, etc. 1997.
300 ## - PHYSICAL DESCRIPTION
Extent 496p. :
563 ## - BINDING INFORMATION
Binding note HB
942 ## - ADDED ENTRY ELEMENTS (KOHA)
Source of classification or shelving scheme
Koha item type Book
Holdings
Withdrawn status Lost status Source of classification or shelving scheme Damaged status Not for loan Permanent Location Current Location Date acquired Total Checkouts Full call number Barcode Date last seen Price effective from Koha item type
          Central Library (CL) Central Library (CL) 08/28/2025   340.54 HAS CL-D-3038 09/23/2025 08/28/2025 Book
© 2023 Central Library, National University of Sciences and Technology. All Rights Reserved.